00457nam a22001697a 450000500170000001000150001702000260003203500130005803700130007108200150008410000180009924500550011726000400017227000300021230000210024265000240026320100813162249.0 aENG-100367 a9788190745529c125.00 aEN-83899 bDBAD/PUB a658.421082 aVeerappan, S. aWomen entrepreneurs development /cby S. Veerappan aPerambalurbYazhuni Veliyeeduc2008 aVelurbPerambalure621104 a87p.c20cm (pbk) aWomen entrepreneurs